Green Building (Record no. 115105)

MARC details
000 -LEADER
fixed length control field 00991cam a22002535a 4500
001 - CONTROL NUMBER
control field L158053
008 - FIXED-LENGTH DATA ELEMENTS--GENERAL INFORMATION
fixed length control field 140226s2011 xxk f 000 0 eng d
020 ## - INTERNATIONAL STANDARD BOOK NUMBER
International Standard Book Number 9780876292617
035 ## - SYSTEM CONTROL NUMBER
System control number (Sirsi) u158053
041 0# - LANGUAGE CODE
Language code of text/sound track or separate title eng
050 04 - LIBRARY OF CONGRESS CALL NUMBER
Classification number 696.9 GRE
110 2# - MAIN ENTRY--CORPORATE NAME
Corporate name or jurisdiction name as entry element RSMeans
9 (RLIN) 5664
245 00 - TITLE STATEMENT
Title Green Building
Remainder of title Project Planning & Cost Estimating
250 ## - EDITION STATEMENT
Edition statement 3rd ed
260 ## - PUBLICATION, DISTRIBUTION, ETC.
Place of publication, distribution, etc. New Jersey
Name of publisher, distributor, etc. John Wiley
Date of publication, distribution, etc. 2011
300 ## - PHYSICAL DESCRIPTION
Extent xxii, 456p, 27cm
520 ## - SUMMARY, ETC.
Summary, etc. Third edition of this publication has been updated with the latest in green building technologies, design concepts, standards and costs. Includes information on, green building approaches, materials ratings systems standards and guidelines, implementing energy modelling tools and evaluating the cost versus value of green products over their life cycle.
590 ## - LOCAL NOTE (RLIN)
Local note KA
651 #4 - SUBJECT ADDED ENTRY--GEOGRAPHIC NAME
Geographic name International
690 ## - LOCAL SUBJECT ADDED ENTRY--TOPICAL TERM (OCLC, RLIN)
Topical term or geographic name as entry element Construction management
9 (RLIN) 6230
690 ## - LOCAL SUBJECT ADDED ENTRY--TOPICAL TERM (OCLC, RLIN)
Topical term or geographic name as entry element Sustainability
9 (RLIN) 6271
690 ## - LOCAL SUBJECT ADDED ENTRY--TOPICAL TERM (OCLC, RLIN)
Topical term or geographic name as entry element Environment
9 (RLIN) 6238
942 ## - ADDED ENTRY ELEMENTS (KOHA)
Suppress in OPAC 0
Holdings
Withdrawn status Lost status Source of classification or shelving scheme Damaged status Not for loan Home library Current library Shelving location Date acquired Total Checkouts Full call number Barcode Date last seen Copy number Price effective from Koha item type
    Dewey Decimal Classification     London London Books 26/02/2014   696.9 GRE 30075103 06/08/2019 1 06/08/2019 Book